=LDR 00000nam 2200000 4500 =001 INLIS000000000055816 =005 20200805081410 =035 ##$$a 0010-0720000120 =007 ta =008 200805################g##########0#ind## =020 ##$$a 979-8966-06-6 =082 ##$$a 2X7.4 =084 ##$$a 2X7.4 ABU m =100 #$$a Abu-Zayd, Nasr Hamid =245 1#$$a Moderatisme eklektisisme arabisme /$c Nasr Hamid Abu-Zayd; Penerjemah, Khoiron Nahdliyyin =260 ##$$a Yogyakarta :$b LKiS,$c 1997 =300 ##$$a x, 185 hlm ; $c 20 x 14 cm =504 ##$$a Indeks: halaman 181-185 =600 #4$$a Imam Syafi'i-Pembaharuan pemikiran =990 ##$$a 11.224/pb.98